| 000 | 01617nmc a2200505 a 4500 | ||
|---|---|---|---|
| 003 | AR-BaBNM | ||
| 005 | 20251128210726.0 | ||
| 008 | 106020s2004 ||||||||||||||000 | spa|| | ||
| 020 | _a84-95294-63-X | ||
| 040 | _cAR-BaBNM | ||
| 245 | 1 | 0 |
_aLa educación física en educación infantil _buna propues[t]a y algunas experiencias |
| 250 | _a1ª ed. | ||
| 260 |
_aMadrid _bMiño y Dávila Editores _c2004 |
||
| 300 | 0 | _a313 p. | |
| 490 | 0 | _aColección Educación física y deporte en la escuela | |
| 650 | 4 | _aEDUCACION FISICA | |
| 650 | 4 | _aACTIVIDADES DE LA CLASE | |
| 650 | 4 | _aPROYECTOS | |
| 650 | 4 | _aEVALUACION DEL ALUMNO | |
| 653 | 0 | _aEDUCACION INICIAL | |
| 653 | 0 | _aESTRATEGIAS DIDACTICAS | |
| 653 | 0 | _aEXPERIENCIAS EDUCATIVAS | |
| 653 | 0 | _aNECESIDADES EDUCATIVAS ESPECIALES | |
| 653 | 0 | _aORGANIZACION DEL ESPACIO ESCOLAR | |
| 700 | 1 |
_aLópez Pastor, Víctor M. _ecoordinador |
|
| 700 | 1 | _aAbad, Mavela | |
| 700 | 1 | _aAldama Gil, Beatriz | |
| 700 | 1 | _aAlonso Lozano, Alvaro | |
| 700 | 1 | _aAmorós, Virginia | |
| 700 | 1 | _aAntón Miñambres, María Ascensión | |
| 700 | 1 | _aConsuegra Romero, Yolanda | |
| 700 | 1 | _aGarcía de la Puente, José Manuel | |
| 700 | 1 | _aGómez Martín, Sara | |
| 700 | 1 | _aHidalgo Sandín, Roberto | |
| 700 | 1 | _aLlorente Lumbreras, Irene | |
| 700 | 1 | _aMiguel Arroyo, Angela | |
| 700 | 1 | _aPalomo Martín, Helena | |
| 700 | 1 | _aPedraza González, Miguel | |
| 700 | 1 | _aSancho Coco, Beatriz | |
| 700 | 1 | _aSantos Marcos, Judith | |
| 700 | 1 | _aVázquez Santamaría, Laura | |
| 700 | 1 | _aVicente Olmos, Sara de | |
| 942 | _cBK | ||
| 998 | _cme-solo cat | ||
| 999 |
_c16624 _d16624 |
||